বাংলা ও বাঙালির কথা / (Record no. 254490)
[ view plain ]
| 000 -LEADER | |
|---|---|
| fixed length control field | 00835nam a22002177a 4500 |
| 003 - CONTROL NUMBER IDENTIFIER | |
| control field | BD-DhUL |
| 005 - DATE AND TIME OF LATEST TRANSACTION | |
| control field | 20210929103929.0 |
| 008 - FIXED-LENGTH DATA ELEMENTS--GENERAL INFORMATION | |
| fixed length control field | 210920s2016 bg ab||| |||| 00| 0 ben |
| 020 ## - INTERNATIONAL STANDARD BOOK NUMBER | |
| International Standard Book Number | 9847012402351 (hbk) |
| 040 ## - CATALOGING SOURCE | |
| Original cataloging agency | BD-DhUL |
| Transcribing agency | BD-DhUL |
| 082 ## - DEWEY DECIMAL CLASSIFICATION NUMBER | |
| Classification number | 954.92 |
| Item number | MOB |
| 100 1# - MAIN ENTRY--PERSONAL NAME | |
| Personal name | মোমেন, আবুল |
| 245 00 - TITLE STATEMENT | |
| Title | বাংলা ও বাঙালির কথা / |
| Statement of responsibility, etc. | আবুল মোমেন । |
| 250 ## - EDITION STATEMENT | |
| Edition statement | ৭ম পরিমার্জিত সংস্ক. |
| 260 ## - PUBLICATION, DISTRIBUTION, ETC. (IMPRINT) | |
| Place of publication, distribution, etc. | ঢাকা : |
| Name of publisher, distributor, etc. | সাহিত্য প্রকাশ, |
| Date of publication, distribution, etc. | ২০১৬ । |
| 300 ## - PHYSICAL DESCRIPTION | |
| Extent | ১২৭ পৃ. : |
| Other physical details | চিত্র, মানচিত্র ; |
| Dimensions | ২৮ সেমি. |
| 365 ## - TRADE PRICE | |
| Price type code | BDT |
| Price amount | 450.00 |
| 651 4# - SUBJECT ADDED ENTRY--GEOGRAPHIC NAME | |
| Geographic name | বাংলাদেশ |
| General subdivision | ইতিহাস । |
| 651 4# - SUBJECT ADDED ENTRY--GEOGRAPHIC NAME | |
| Geographic name | Bangladesh |
| General subdivision | History. |
| 942 ## - ADDED ENTRY ELEMENTS (KOHA) | |
| Source of classification or shelving scheme | |
| Koha item type | Books |
| Date last seen | Permanent Location | Not for loan | Date acquired | Source of classification or shelving scheme | Koha item type | Lost status | Withdrawn status | Copy number | Source of acquisition | Collection code | Damaged status | Shelving location | Barcode | Current Location | Full call number |
|---|---|---|---|---|---|---|---|---|---|---|---|---|---|---|---|
| 2021-09-20 | Dhaka University Library | 2020-02-19 | Books | 1 | Purchased | Non Fiction | General Stacks | 519807 | Dhaka University Library | 954.92 MOB | |||||
| 2021-09-20 | Dhaka University Library | 2020-02-19 | Books | 2 | Purchased | Non Fiction | General Stacks | 519808 | Dhaka University Library | 954.92 MOB |
